000 00989nam a2200301Ia 4500
003 OSt
005 20221007125537.0
006 a|||||r|||| 00| 0
007 ta
008 221006b |||||||| |||| 00| 0 eng d
020 _a8129705400 (pbk)
_c350.00
024 _a12118
037 _b937/2004-05, 13/09/2004, Educational Book Agency (India)
_cTextual
040 _aCDL
_cCDL
_beng
041 _2eng
_aeng
082 _aE1, P4-;2 Carc
100 _aMiessler Gary L
245 0 _aInorganic chemistry
_b Tarr Donald A
250 _a3
260 _aDelhi
_bPearson Education (Singapore) Pvt. Ltd.
_c2004
300 _axiv, 706p.
_ccm.
500 _aAppendix A-D, 637-695p.; Index 697-706p.
650 _a Inorganic chemistry
_9185095
650 _aChemistry
700 _a Tarr Donald A
942 _hE1, P4-;2 Carc
_cTEXL
_2CC
999 _c1215460
_d1215460